00577nam a2200181Ia 450000500170000000800410001702000150005808200130007310000210008624500820010726000480018930000180023765000130025565000120026894200060028095200940028699900150038020250109051611.0240331s9999 xx 000 0 und d a812060444X bSuba934 aSubramanian, K.R 0aBuddhist remains in Andhra and the history of Andhra bbetween 225 & 610 A.D. aNew DelhibAsian Educational Servicesc1932 aXXV, 186 p ., aBuddhism aHistory cL 001040708LaWERCLbWERCLcSSCd2024-03-31l0o 934 Subp545r2024-03-31w2024-03-31yL c3426d3426